000 00741nam a22002657a 4500
001 BR9903594
003 BR-BrBNA
005 20230928100457.0
007 ta
008 230509b bl.||||| |||| 00| 0 por d
040 _aBR-BrBNA
_bpor
_cBiblioteca Nacional de Agricultura
041 _a(Por)
072 _aN20
090 _ N20 BR9903594
110 1 _aServico Nacional de Aprendizagem Rural, Curitiba, PR (Brasil). Administracao Regional do Estado do Parana
245 1 _aTrabalhador na operacao de motosserra
260 3 _aCuritiba, PR (Brasil):
_c1996.
300 _a56 p.
500 _a71 illus.
650 _aSerra Eletrica
650 _aArvore
650 _aCorte
909 _a202309
_bLucia
_c55
_dLucia Elande
942 _cBK
999 _c61476
_d61476